[Event "XXXIII Festival A"]
[Site "Arco ITA"]
[Date "2011.10.22"]
[Round "1"]
[White "Anfuso, Luigi"]
[Black "Aigner, Georg"]
[Result "0-1"]
[WhiteElo "1767"]
[BlackElo "1988"]
[PlyCount "68"]
[EventDate "2011.10.22"]

1. d4 Nf6 2. c4 e6 3. Nc3 d5 4. Bg5 Be7 5. e3 c6 6. Nf3 Nbd7 7. Rc1 h6 8. Bh4
O-O 9. Bd3 dxc4 10. Bxc4 Nd5 11. Bxe7 Qxe7 12. O-O N5b6 13. Bd3 e5 14. dxe5
Nxe5 15. Nxe5 Qxe5 16. Bb1 Bf5 17. Qh5 g6 18. Qxh6 Bxb1 19. Rxb1 Rad8 20. Rbd1
Nc4 21. Rxd8 Rxd8 22. Rd1 Rxd1+ 23. Nxd1 Nxb2 24. Nxb2 Qxb2 25. h4 Qxa2 26. h5
Qa1+ 27. Kh2 Qe5+ 28. Kg1 Qxh5 29. Qf4 Qd1+ 30. Kh2 Qd8 31. Qe5 a5 32. Qb2 b5
33. Qc3 Qd6+ 34. Kg1 a4 0-1

[Event "XXXIII Festival A"]
[Site "Arco ITA"]
[Date "2011.10.22"]
[Round "1"]
[White "Astengo, Corrado"]
[Black "Stolfa, Rodolfo"]
[Result "1-0"]
[WhiteElo "2095"]
[BlackElo "1812"]
[PlyCount "45"]
[EventDate "2011.10.22"]

1. e4 e5 2. Nf3 Nc6 3. Nc3 Nf6 4. Bb5 d6 5. d4 exd4 6. Nxd4 Bd7 7. Be3 Be7 8.
f3 O-O 9. Qd2 Ne5 10. Bxd7 Qxd7 11. Qe2 a6 12. a4 d5 13. Nf5 Bb4 14. O-O Nc4
15. Bg5 Qe6 16. Bxf6 gxf6 17. Nxd5 Ne5 18. Qe3 Kh8 19. Nxb4 Rg8 20. Nd5 Nc4 21.
Qd4 c6 22. Nc7 c5 23. Qc3 1-0

[Event "XXXIII Festival A"]
[Site "Arco ITA"]
[Date "2011.10.22"]
[Round "1"]
[White "Bacchelli, Andrea"]
[Black "Gardi, Giuseppe"]
[Result "1/2-1/2"]
[WhiteElo "1789"]
[BlackElo "2028"]
[PlyCount "142"]
[EventDate "2011.10.22"]

1. e4 g6 2. d4 Bg7 3. Be3 c6 4. Bc4 Nf6 5. f3 d5 6. exd5 cxd5 7. Bb5+ Nc6 8.
Ne2 O-O 9. Qd2 Bd7 10. O-O a6 11. Bd3 b5 12. c3 Ne8 13. Na3 Nd6 14. b3 Qa5 15.
Nc2 Bf5 16. Bxf5 Nxf5 17. Bf4 e5 18. dxe5 Nxe5 19. Ncd4 Qb6 20. Kh1 Nxd4 21.
Nxd4 Rac8 22. Rfe1 Nc6 23. Nxc6 Qxc6 24. Be5 Bxe5 25. Rxe5 Qxc3 26. Qxc3 Rxc3
27. Rxd5 Rfc8 28. h3 Rc1+ 29. Rxc1 Rxc1+ 30. Kh2 Rc2 31. a4 bxa4 32. bxa4 Rc4
33. Ra5 Rc6 34. Kg3 Kf8 35. Kf4 Re6 36. Kg5 Kg7 37. f4 h6+ 38. Kh4 Rd6 39. g4
Kf8 40. Kg3 Ke7 41. Kf3 Kd7 42. Ke4 Kc7 43. h4 Kb6 44. Re5 f6 45. Rd5 Re6+ 46.
Kd4 Kc6 47. a5 Re1 48. Rc5+ Kd6 49. Rd5+ Ke6 50. Rc5 Rd1+ 51. Ke3 Kd6 52. Rc8
Ra1 53. Rg8 Ra3+ 54. Kd4 Ra4+ 55. Ke3 g5 56. hxg5 hxg5 57. fxg5 Rxa5 58. gxf6
Ke6 59. g5 Ra1 60. Re8+ Kf7 61. Re7+ Kf8 62. Kf2 Ra5 63. Rg7 Ra3 64. g6 Ra5 65.
Rf7+ Kg8 66. Ke3 Rg5 67. Rg7+ Kf8 68. Kf4 Rg1 69. Ke5 a5 70. Ke6 Re1+ 71. Kd5
Rf1 1/2-1/2

[Event "XXXIII Festival A"]
[Site "Arco ITA"]
[Date "2011.10.22"]
[Round "1"]
[White "Battistella, Stefano"]
[Black "Cavatorta, Ivan"]
[Result "1-0"]
[WhiteElo "2081"]
[BlackElo "1808"]
[PlyCount "81"]
[EventDate "2011.10.22"]

1. Nf3 Nf6 2. c4 e6 3. g3 b6 4. Bg2 Bb7 5. O-O Be7 6. b3 O-O 7. Bb2 d5 8. e3
Nbd7 9. d4 c5 10. cxd5 Bxd5 11. Nc3 Bb7 12. Rc1 cxd4 13. Nxd4 Bxg2 14. Kxg2 Qc7
15. Ncb5 Qb7+ 16. Qf3 Qxf3+ 17. Kxf3 Rfc8 18. Nc6 Bc5 19. Ncxa7 Rcb8 20. a4 e5
21. Rfd1 Kf8 22. Nc6 e4+ 23. Ke2 Rc8 24. Ne5 Nxe5 25. Bxe5 Ng4 26. Bd6+ Bxd6
27. Nxd6 Rxc1 28. Rxc1 Rd8 29. Rc8 Ke7 30. Rxd8 Kxd8 31. Nxf7+ Ke7 32. Ng5 Nf6
33. f3 exf3+ 34. Nxf3 Kd6 35. Kd3 Kc5 36. e4 Kb4 37. Nd2 Nd7 38. Kd4 Nc5 39. e5
b5 40. axb5 Kxb5 41. Kd5 1-0

[Event "XXXIII Festival A"]
[Site "Arco ITA"]
[Date "2011.10.22"]
[Round "1"]
[White "Benenati, Gianfranco"]
[Black "Milazzo, Mario"]
[Result "0-1"]
[WhiteElo "1800"]
[BlackElo "2077"]
[PlyCount "124"]
[EventDate "2011.10.22"]

1. e4 e5 2. Nf3 Nc6 3. Bb5 a6 4. Ba4 Nf6 5. O-O Be7 6. Re1 b5 7. Bb3 d6 8. h3
O-O 9. c3 Na5 10. Bc2 c5 11. d4 Qc7 12. d5 Re8 13. Nbd2 g6 14. Nf1 Bd7 15. Ng3
Nc4 16. b3 Nb6 17. Be3 Bf8 18. Qd2 c4 19. b4 a5 20. a3 Reb8 21. Nh2 axb4 22.
axb4 Bc8 23. f4 Nbd7 24. f5 Qb7 25. fxg6 hxg6 26. Rxa8 Rxa8 27. Bd1 Qa6 28. Bg4
Qa2 29. Qc1 Qa3 30. Qd2 Qb3 31. Bd1 Qa2 32. Bc2 Qb2 33. Rb1 Ra1 34. Rxa1 Qxa1+
35. Nhf1 Kh7 36. Bd1 Ng8 37. Qc1 Qxc1 38. Bxc1 Bh6 39. Bxh6 Nxh6 40. Ne3 Nb6
41. Bc2 Kg7 42. Kf2 Bd7 43. Ke2 Nc8 44. Bb1 Kf8 45. Kf3 Ne7 46. Ne2 f5 47. g4
fxg4+ 48. Nxg4 Kg7 49. Nf2 Kf6 50. Bc2 g5 51. Ng3 Ng6 52. Nh5+ Kf7 53. Bd1 Nf4
54. Kg3 Kg6 55. Nxf4+ exf4+ 56. Kg2 Kf6 57. Be2 Ke5 58. Bf3 Ng8 59. Bd1 Nf6 60.
Kf3 Bxh3 61. Bc2 Bd7 62. Kg2 g4 0-1

[Event "XXXIII Festival A"]
[Site "Arco ITA"]
[Date "2011.10.22"]
[Round "1"]
[White "Billio, Atto"]
[Black "Coqueraut, Lodewyk"]
[Result "1-0"]
[WhiteElo "2071"]
[BlackElo "1794"]
[PlyCount "71"]
[EventDate "2011.10.22"]

1. c4 Nf6 2. g3 e6 3. Bg2 d5 4. d4 c5 5. cxd5 exd5 6. dxc5 Bxc5 7. Nf3 O-O 8.
O-O Re8 9. Nc3 h6 10. Bf4 a6 11. Be5 Nbd7 12. Bd4 Bxd4 13. Nxd4 Ne5 14. Qb3 Be6
15. Qxb7 Rb8 16. Qxa6 Rxb2 17. Rfc1 Rb6 18. Qa4 Nc4 19. Nxe6 fxe6 20. Qd1 Rf8
21. Qd4 Ra6 22. e4 e5 23. Qd3 Ra5 24. Nxd5 Nd6 25. Nxf6+ Rxf6 26. Rd1 Qf8 27.
Qb3+ Kh8 28. Rd2 Rb5 29. Qa3 Qb8 30. Rad1 Rb4 31. Qa5 Rb1 32. Qxe5 Rxd1+ 33.
Rxd1 Qb6 34. Qd4 Qa6 35. e5 Rf8 36. Qxd6 1-0

[Event "XXXIII Festival A"]
[Site "Arco ITA"]
[Date "2011.10.22"]
[Round "1"]
[White "Blasco, Domenico"]
[Black "Badano, Fabio"]
[Result "1/2-1/2"]
[WhiteElo "1965"]
[BlackElo "1741"]
[PlyCount "132"]
[EventDate "2011.10.22"]

1. d4 Nf6 2. Nf3 e6 3. e3 b6 4. Bd3 Bb7 5. Nbd2 c5 6. O-O cxd4 7. exd4 Be7 8.
Re1 d5 9. Ne5 O-O 10. Qf3 Nc6 11. c3 Qc7 12. Qh3 Bd6 13. Ng4 Ne4 14. Nxe4 dxe4
15. Bxe4 f5 16. Bc2 Rae8 17. Ne3 Ne7 18. Bd2 Ng6 19. Nf1 Bf4 20. Bb3 Bxd2 21.
Nxd2 Qc6 22. d5 exd5 23. Rxe8 Qxe8 24. Nf3 Qe2 25. Rb1 Kh8 26. Nd4 Qe5 27. Qe3
Qxe3 28. fxe3 f4 29. Ne6 Re8 30. Nxf4 Nxf4 31. exf4 Re2 32. Bd1 Rd2 33. Bf3 Kg8
34. c4 Kf7 35. Bxd5+ Bxd5 36. cxd5 Rxd5 37. Rc1 Rd2 38. Rc7+ Kf6 39. Rxa7 Rxb2
40. a4 Ra2 41. h3 b5 42. Ra6+ Kf5 43. axb5 Rb2 44. Ra7 Kf6 45. Rb7 h5 46. b6 g6
47. Rb8 Kf7 48. b7 Kg7 49. g4 hxg4 50. hxg4 Rb4 51. Kg2 Kh7 52. Kg3 Rb3+ 53.
Kh4 Rb4 54. Kg5 Kg7 55. f5 gxf5 56. gxf5 Rb5 57. Kf4 Kf7 58. Rh8 Rxb7 59. Rh7+
Kf6 60. Rh6+ Kf7 61. Kg5 Rb1 62. Rh7+ Kg8 63. Ra7 Rb6 64. Rc7 Kf8 65. Rd7 Ra6
66. f6 Ra1 1/2-1/2

[Event "XXXIII Festival A"]
[Site "Arco ITA"]
[Date "2011.10.22"]
[Round "1"]
[White "Borries, Barbara"]
[Black "Vezzosi, Paolo"]
[Result "0-1"]
[WhiteElo "1901"]
[BlackElo "2351"]
[PlyCount "66"]
[EventDate "2011.10.22"]

1. e4 c5 2. Nf3 Nc6 3. d4 cxd4 4. Nxd4 Qb6 5. Nxc6 bxc6 6. Bd3 g6 7. O-O Bg7 8.
Nc3 d6 9. Na4 Qc7 10. Be3 Nf6 11. h3 O-O 12. Qd2 Rb8 13. Rab1 Bd7 14. Nc3 Rfd8
15. Rfd1 Be8 16. b3 d5 17. exd5 cxd5 18. Ne2 e5 19. Ng3 Bc6 20. Bg5 Qb7 21.
Bxf6 Bxf6 22. f3 Qe7 23. Be2 Bg5 24. Qc3 Rbc8 25. Qa5 Be3+ 26. Kh1 Qh4 27. Nf1
Bb6 28. Qe1 Bf2 29. Qa5 e4 30. fxe4 dxe4 31. Rxd8+ Rxd8 32. Qc3 Rd6 33. Ne3 Qg3
0-1

[Event "XXXIII Festival A"]
[Site "Arco ITA"]
[Date "2011.10.22"]
[Round "1"]
[White "Bozzao, Francesco"]
[Black "Kierzek, Matthias"]
[Result "1/2-1/2"]
[WhiteElo "1830"]
[BlackElo "2152"]
[PlyCount "47"]
[EventDate "2011.10.22"]

1. d4 d5 2. Nf3 Nf6 3. c4 e6 4. g3 dxc4 5. Qa4+ Bd7 6. Qxc4 Nc6 7. Bg2 Rc8 8.
O-O Na5 9. Qd3 c5 10. dxc5 Bxc5 11. a3 Qb6 12. Nc3 Nb3 13. Rb1 Nxc1 14. Rbxc1
Qxb2 15. Ne5 Qxa3 16. Nxd7 Nxd7 17. Rfd1 Rd8 18. Bxb7 O-O 19. Qc2 Bb6 20. Ne4
Qe7 21. e3 Ne5 22. Ba6 g5 23. Qc3 f6 24. Nxg5 1/2-1/2

[Event "XXXIII Festival A"]
[Site "Arco ITA"]
[Date "2011.10.22"]
[Round "1"]
[White "Bruno, Elio"]
[Black "Antoniacci, Riccardo"]
[Result "0-1"]
[WhiteElo "1641"]
[BlackElo "1913"]
[PlyCount "102"]
[EventDate "2011.10.22"]

1. e4 e5 2. Nf3 Nc6 3. Bb5 a6 4. Ba4 Nf6 5. O-O Be7 6. Re1 b5 7. Bb3 O-O 8. c3
d5 9. d3 Bg4 10. h3 Bh5 11. Nbd2 d4 12. Nf1 Qd6 13. Ng3 Bg6 14. Nh4 Rad8 15.
Nxg6 hxg6 16. Bc2 Nd7 17. Qg4 Nf6 18. Qf3 b4 19. c4 Nh7 20. b3 Bg5 21. Bxg5
Nxg5 22. Qg4 Ne6 23. h4 Nf4 24. Ne2 Qd7 25. Qxd7 Rxd7 26. Nxf4 exf4 27. a4 Re8
28. f3 Re5 29. Kf2 Rde7 30. Rh1 f6 31. Rh3 Kf7 32. Rah1 Rh5 33. g4 fxg3+ 34.
Rxg3 Re8 35. f4 Reh8 36. Rgh3 g5 37. fxg5 fxg5 38. Kg3 gxh4+ 39. Kf4 Kf6 40.
Bd1 g5+ 41. Kf3 Ne5+ 42. Ke2 g4 43. Rf1+ Ke6 44. Rhh1 Nf3 45. Kf2 Ne5 46. Ke2
R5h6 47. Rf4 Rf6 48. Rxf6+ Kxf6 49. Kd2 h3 50. Rf1+ Ke6 51. Rf4 h2 0-1

[Event "XXXIII Festival A"]
[Site "Arco ITA"]
[Date "2011.10.22"]
[Round "1"]
[White "Buck, Klaus-Michael"]
[Black "Mastroddi, Emiliano"]
[Result "0-1"]
[WhiteElo "1813"]
[BlackElo "2097"]
[PlyCount "58"]
[EventDate "2011.10.22"]

1. b4 d5 2. e3 Bf5 3. Nf3 e6 4. Bb2 Nf6 5. a3 Be7 6. c4 c6 7. Nc3 O-O 8. Be2
Ne4 9. Nxe4 dxe4 10. Nd4 Bg6 11. Nb3 Bf6 12. Qc2 Nd7 13. Na5 Qc7 14. Bc3 b6 15.
Nb3 Ne5 16. Nc1 Rfd8 17. Qb2 c5 18. b5 h5 19. a4 a5 20. bxa6 Rxa6 21. Qb5 Rda8
22. Rb1 Rxa4 23. Qxb6 Qxb6 24. Rxb6 Nxc4 25. Rb3 Na5 26. Bxf6 Nxb3 27. Nxb3
gxf6 28. Nxc5 Ra1+ 29. Bd1 Rxd1+ 0-1

[Event "XXXIII Festival A"]
[Site "Arco ITA"]
[Date "2011.10.22"]
[Round "1"]
[White "Burani, Eugenio"]
[Black "Seebacher, Reinhard"]
[Result "1/2-1/2"]
[WhiteElo "1932"]
[BlackElo "1700"]
[PlyCount "115"]
[EventDate "2011.10.22"]

1. e4 c6 2. d4 d5 3. Nc3 dxe4 4. Nxe4 Nf6 5. Nxf6+ exf6 6. Nf3 Bd6 7. Bd3 O-O
8. O-O Re8 9. c3 Nd7 10. Nd2 Nf8 11. Ne4 Bc7 12. Ng3 Ng6 13. Qh5 Qd6 14. Ne4
Qd7 15. h3 b6 16. Be3 f5 17. Ng5 h6 18. Bc4 hxg5 19. Qxg6 Ba6 20. Bb3 f4 21.
Bxf4 gxf4 22. Rfe1 f3 23. gxf3 Rxe1+ 24. Rxe1 Bb5 25. Qh5 Bd3 26. Re3 Bf5 27.
Qg5 Bd8 28. Qh5 g6 29. Qh6 Bf6 30. h4 Qd8 31. f4 Bg7 32. Qg5 Qxg5+ 33. fxg5 Kf8
34. Kg2 a5 35. Bd1 Re8 36. Kf3 Be6 37. a3 Bd5+ 38. Kf4 Rxe3 39. fxe3 Ke7 40. e4
Bc4 41. e5 Bd5 42. Be2 b5 43. Bd3 Bf8 44. Be2 Ke8 45. Bd3 Kd7 46. Be2 Kc7 47.
h5 gxh5 48. Bxh5 Be6 49. b4 axb4 50. cxb4 Kd7 51. Bf3 Bd5 52. Bg4+ Ke8 53. Be2
Be7 54. Bd3 Kf8 55. Bc2 Kg7 56. Bd3 Bd8 57. Bc2 Bb6 58. Ke3 1/2-1/2

[Event "XXXIII Festival A"]
[Site "Arco ITA"]
[Date "2011.10.22"]
[Round "1"]
[White "Casagrande, Fabio"]
[Black "Bortolotti, Silvano"]
[Result "1-0"]
[WhiteElo "1991"]
[BlackElo "1771"]
[PlyCount "67"]
[EventDate "2011.10.22"]

1. e4 e5 2. Nf3 Nc6 3. d4 exd4 4. Bc4 Nf6 5. e5 Ne4 6. c3 d5 7. Bb5 Bd7 8. Bxc6
bxc6 9. Nxd4 Bc5 10. O-O Ng5 11. f4 Ne4 12. Be3 Qh4 13. Nd2 Nxd2 14. Qxd2 O-O
15. Nf3 Bxe3+ 16. Qxe3 Qe7 17. Nd4 c5 18. Nb3 c4 19. Nd4 c5 20. Nf3 Bf5 21.
Rad1 Rfd8 22. h3 h6 23. Rf2 Rd7 24. g4 Be4 25. Nd2 Bd3 26. f5 Rad8 27. Rc1 d4
28. Qf4 Qg5 29. Qxg5 hxg5 30. Nf3 f6 31. e6 Rd6 32. h4 gxh4 33. Nxh4 Kf8 34.
Ng6+ 1-0

[Event "XXXIII Festival A"]
[Site "Arco ITA"]
[Date "2011.10.22"]
[Round "1"]
[White "Catalfamo, Santo"]
[Black "Vaccari, Giorgio"]
[Result "1-0"]
[WhiteElo "1915"]
[BlackElo "1656"]
[PlyCount "49"]
[EventDate "2011.10.22"]

1. e4 e5 2. d4 exd4 3. c3 Nc6 4. cxd4 Bb4+ 5. Nc3 Nf6 6. Bc4 d5 7. exd5 Nxd5 8.
Nge2 O-O 9. O-O Nxc3 10. bxc3 Bd6 11. Ng3 Bd7 12. f4 Qc8 13. Bd3 f5 14. Qc2 Ne7
15. Nh5 g6 16. Ng3 Be6 17. c4 c6 18. Bb2 Qe8 19. d5 Bb4 20. dxe6 Qd8 21. Rad1
Qb6+ 22. Kh1 Rad8 23. a3 Bc5 24. Ne2 Rd6 25. Qc3 1-0

[Event "XXXIII Festival A"]
[Site "Arco ITA"]
[Date "2011.10.22"]
[Round "1"]
[White "Cavatorta, Fosco"]
[Black "Stella, Andrea"]
[Result "0-1"]
[WhiteElo "1905"]
[BlackElo "2447"]
[PlyCount "84"]
[EventDate "2011.10.22"]

1. d4 Nf6 2. Nf3 g6 3. Nc3 d5 4. Bf4 Bg7 5. e3 O-O 6. Be2 c6 7. h3 Nbd7 8. Qd2
Qb6 9. Na4 Qd8 10. Nc3 b6 11. Ne5 Bb7 12. g4 c5 13. h4 cxd4 14. exd4 Ne4 15.
Nxe4 dxe4 16. Rg1 Nxe5 17. dxe5 Qxd2+ 18. Kxd2 Rac8 19. c3 Rc5 20. b4 Rd5+ 21.
Kc2 Bxe5 22. Bxe5 Rxe5 23. Rad1 Bc6 24. Rd4 Kg7 25. Rg3 f5 26. c4 f4 27. Ra3 e3
28. f3 Bxf3 29. Bxf3 e2 30. Bxe2 Rxe2+ 31. Kd1 Re6 32. Rf3 Ref6 33. g5 Rf5 34.
Rd7 Kf7 35. Ke2 Rc8 36. Kd3 a5 37. a3 axb4 38. axb4 Rc6 39. Ke4 Rxc4+ 40. Rd4
Rxd4+ 41. Kxd4 Ke6 42. Ke4 Re5+ 0-1

[Event "XXXIII Festival A"]
[Site "Arco ITA"]
[Date "2011.10.22"]
[Round "1"]
[White "Collutiis, Duilio"]
[Black "Mercandelli, Claudio"]
[Result "1-0"]
[WhiteElo "2474"]
[BlackElo "1907"]
[PlyCount "37"]
[EventDate "2011.10.22"]

1. g3 Nc6 2. c4 e5 3. Nc3 g6 4. Bg2 Bg7 5. d3 Nge7 6. Rb1 a5 7. a3 d6 8. b4
axb4 9. axb4 O-O 10. e3 h6 11. Nge2 Kh7 12. O-O Nb8 13. Qb3 c6 14. b5 Nd7 15.
Ba3 Nf6 16. d4 Qc7 17. dxe5 dxe5 18. Rfd1 Re8 19. b6 1-0

[Event "XXXIII Festival A"]
[Site "Arco ITA"]
[Date "2011.10.22"]
[Round "1"]
[White "Coqueraut, Jean Dominique"]
[Black "Bevilacqua, Maurizio"]
[Result "0-1"]
[WhiteElo "1824"]
[BlackElo "2147"]
[PlyCount "105"]
[EventDate "2011.10.22"]

1. d4 Nf6 2. c4 e6 3. Nc3 Bb4 4. Qc2 O-O 5. e3 d6 6. Bd3 Nc6 7. Nf3 e5 8. d5
Ne7 9. Bd2 c6 10. e4 h6 11. O-O Bg4 12. Ne1 Ng6 13. h3 Bd7 14. a3 Bxc3 15. Qxc3
Nh5 16. Kh2 Nhf4 17. Bc2 Rc8 18. Qb3 cxd5 19. exd5 Qc7 20. Bxg6 fxg6 21. Nf3 b6
22. Rfc1 g5 23. Rc3 Qd8 24. Re3 Qf6 25. Rf1 h5 26. Ng1 g4 27. g3 Nxh3 28. Nxh3
gxh3 29. f4 h4 30. Rg1 exf4 31. gxf4 Qxf4+ 32. Kh1 Rf7 33. Re8+ Rxe8 34. Bxf4
Rxf4 35. Qc3 Re7 36. b3 Ref7 37. Qe1 Kf8 38. Qe2 Rf3 39. Qe4 R3f4 40. Qg6 R4f6
41. Qg5 Bf5 42. Qxh4 Kg8 43. Re1 Rh6 44. Re8+ Kh7 45. Qf4 Bg6 46. Qc1 Rf2 47.
Re7 Bh5 48. Rxg7+ Kxg7 49. Qg1+ Rg2 50. Qe3 Rf6 51. Qxh3 Bf3 52. Qxg2+ Bxg2+
53. Kxg2 0-1

[Event "XXXIII Festival A"]
[Site "Arco ITA"]
[Date "2011.10.22"]
[Round "1"]
[White "Cordioli, Luca"]
[Black "Dalla Vecchia, Paolo"]
[Result "1/2-1/2"]
[WhiteElo "1658"]
[BlackElo "1916"]
[PlyCount "40"]
[EventDate "2011.10.22"]

1. e4 e5 2. Nf3 Nc6 3. d4 exd4 4. Nxd4 Bc5 5. Be3 Qf6 6. c3 Nge7 7. Bc4 O-O 8.
O-O a6 9. a4 Rd8 10. Nxc6 Qxc6 11. Bxc5 Qxc5 12. Qb3 d5 13. exd5 Nxd5 14. Nd2
Bf5 15. Nf3 Bc2 16. Qxc2 Qxc4 17. Rfd1 c6 18. Rd4 Qc5 19. Rad1 Re8 20. h3 b5
1/2-1/2

[Event "XXXIII Festival A"]
[Site "Arco ITA"]
[Date "2011.10.22"]
[Round "1"]
[White "Cottarelli, Franco"]
[Black "Panjkovic, Aleksandar"]
[Result "1/2-1/2"]
[WhiteElo "1842"]
[BlackElo "2187"]
[PlyCount "115"]
[EventDate "2011.10.22"]

1. e4 d6 2. Nf3 Nf6 3. d3 g6 4. g3 Bg7 5. Bg2 O-O 6. h3 c5 7. O-O Nc6 8. Nc3
Bd7 9. Be3 Rb8 10. Qd2 Re8 11. Bh6 Bh8 12. Nd1 Nd4 13. Ng5 Qc8 14. c3 Ne6 15.
Kh2 Bc6 16. Nxe6 Qxe6 17. f4 c4 18. f5 Qd7 19. fxg6 hxg6 20. d4 Bxe4 21. Bxe4
Nxe4 22. Qf4 Nf6 23. Ne3 Qb5 24. Rf2 Bg7 25. Raf1 Rf8 26. g4 e5 27. dxe5 Nh5
28. Qe4 Bxe5+ 29. Kg2 Ng3 30. Qxc4 Qc6+ 31. Qxc6 bxc6 32. Bxf8 Nxf1 33. Kxf1
Kxf8 34. Nc4 Bg3 35. Re2 d5 36. Na5 Rb6 37. Kg2 Bc7 38. Nb3 a5 39. Kf3 a4 40.
Nc5 Rb5 41. Nxa4 Bd6 42. Rd2 Ke7 43. b3 Be5 44. Re2 Kd6 45. Rd2 Rb8 46. c4 d4
47. Ke4 Rh8 48. Rd3 Rh4 49. c5+ Ke6 50. Rf3 f5+ 51. Kd3 fxg4 52. hxg4 Rxg4 53.
Nb6 Rg2 54. a4 Rb2 55. Ke4 Re2+ 56. Kd3 Rb2 57. Ke4 Re2+ 58. Kd3 1/2-1/2

[Event "XXXIII Festival A"]
[Site "Arco ITA"]
[Date "2011.10.22"]
[Round "1"]
[White "Dalponte, Dino"]
[Black "Pedrotti, Luciano"]
[Result "0-1"]
[WhiteElo "2078"]
[BlackElo "1801"]
[PlyCount "118"]
[EventDate "2011.10.22"]

1. d4 Nf6 2. Nf3 e6 3. Nbd2 Be7 4. e4 d6 5. Bd3 Nbd7 6. O-O O-O 7. Nb3 b6 8.
Bg5 e5 9. h3 a5 10. Re1 Bb7 11. d5 Nxd5 12. Bxe7 Nxe7 13. Bb5 Nf6 14. Bd3 Ng6
15. Qd2 Nf4 16. Qc3 Ne6 17. Rad1 Qe7 18. Re3 a4 19. Nbd2 Nc5 20. Qb4 Nh5 21.
Nf1 Ba6 22. Bxa6 Rxa6 23. Ra3 h6 24. Ne3 c6 25. Nf5 Qa7 26. Rc3 Ne6 27. Rxd6 b5
28. Rcxc6 Rxc6 29. Rxc6 Qb7 30. Nxe5 Nhf4 31. Qe7 Qa8 32. f3 Ne2+ 33. Kf2 N2d4
34. Nxd4 Nxd4 35. Rc7 Ne6 36. Nxf7 Nxc7 37. Nxh6+ gxh6 38. Qxc7 Qxe4 39. Qc5
Qc4 40. Qh5 Qxc2+ 41. Kg3 Qxb2 42. Kh2 b4 43. Qxh6 Qe5+ 44. Kg1 Rf6 45. Qd2 Rd6
46. Qc2 Qc3 47. Qxa4 Qd4+ 48. Kh2 Kg7 49. Qc2 Rd7 50. Qf5 Qd6+ 51. Kh1 Rc7 52.
Qg5+ Kf7 53. Qh5+ Ke6 54. Qg4+ Kd5 55. Qf5+ Kd4 56. Kg1 Kc3 57. Qb1 Qd4+ 58.
Kh2 Kd2 59. Qg6 Qf4+ 0-1

[Event "XXXIII Festival A"]
[Site "Arco ITA"]
[Date "2011.10.22"]
[Round "1"]
[White "De Eccher, Stefano"]
[Black "Bondielli, Giorgio"]
[Result "1-0"]
[WhiteElo "2259"]
[BlackElo "1885"]
[PlyCount "49"]
[EventDate "2011.10.22"]

1. e4 e5 2. Nf3 Nf6 3. Nc3 Bb4 4. Nxe5 d6 5. Nd3 Bxc3 6. dxc3 Nxe4 7. Nf4 Nc6
8. Be2 O-O 9. O-O Nf6 10. c4 Bf5 11. Be3 Qd7 12. h3 h6 13. a3 a6 14. Nd5 Nxd5
15. cxd5 Ne7 16. Qd2 Bg6 17. c4 b5 18. Rac1 Rab8 19. Bf3 Rfc8 20. c5 dxc5 21.
Rxc5 Nf5 22. Bf4 Nd6 23. Rfc1 Rb7 24. Bxd6 Qxd6 25. Rc6 1-0

[Event "XXXIII Festival A"]
[Site "Arco ITA"]
[Date "2011.10.22"]
[Round "1"]
[White "De Simone Sorrentino, Fabio"]
[Black "Goli, Daniele"]
[Result "0-1"]
[WhiteElo "1705"]
[BlackElo "1941"]
[PlyCount "52"]
[EventDate "2011.10.22"]

1. e4 g6 2. d4 Bg7 3. Nf3 d6 4. Bc4 Nf6 5. Nc3 c6 6. a4 Nbd7 7. O-O Qc7 8. Re1
e5 9. dxe5 dxe5 10. Ng5 O-O 11. b4 h6 12. Nf3 Rd8 13. Qe2 Nf8 14. Ba3 Bg4 15.
h3 Be6 16. Red1 Nh5 17. Bxe6 Nxe6 18. g3 Nd4 19. Qd3 Nb3 20. Qc4 Nxa1 21. Rxa1
Rd7 22. Rd1 Rxd1+ 23. Nxd1 Qd7 24. Qf1 Rd8 25. Ne3 Qe6 26. Qc4 Qxh3 0-1

[Event "XXXIII Festival A"]
[Site "Arco ITA"]
[Date "2011.10.22"]
[Round "1"]
[White "De Sio, Francesco"]
[Black "Romagnoli, Roberto"]
[Result "0-1"]
[WhiteElo "1811"]
[BlackElo "2086"]
[PlyCount "32"]
[EventDate "2011.10.22"]

1. e4 d6 2. d4 g6 3. Nc3 Bg7 4. f4 c6 5. a4 a5 6. h3 e5 7. Nf3 exd4 8. Ne2 c5
9. Ng3 Nf6 10. Bc4 O-O 11. O-O Nxe4 12. Bxf7+ Rxf7 13. Nxe4 Nc6 14. Neg5 Re7
15. Qd3 d5 16. Nxh7 Bf5 0-1

[Event "XXXIII Festival A"]
[Site "Arco ITA"]
[Date "2011.10.22"]
[Round "1"]
[White "Del Monaco, Andrea"]
[Black "Londers, Jan"]
[Result "1-0"]
[WhiteElo "2315"]
[BlackElo "1891"]
[PlyCount "113"]
[EventDate "2011.10.22"]

1. Nf3 g6 2. d4 Bg7 3. c4 d6 4. Nc3 Nf6 5. Bf4 O-O 6. e3 Nbd7 7. h3 b6 8. Be2
Bb7 9. Qc2 Re8 10. Rd1 Qc8 11. O-O e5 12. dxe5 Nxe5 13. Nd5 Nfd7 14. Nd4 c6 15.
Nc3 Qc7 16. Rd2 Rad8 17. b4 Nf8 18. Rfd1 Qb8 19. a3 Qa8 20. Bf1 Rd7 21. Nb3
Red8 22. Bg5 f6 23. Bh4 d5 24. cxd5 cxd5 25. Nd4 Nc6 26. Nce2 Ne5 27. Qb3 Nc4
28. Rc2 Nd6 29. Rdc1 g5 30. Bg3 Nc4 31. Nf5 Ne6 32. a4 a5 33. Ned4 Nxd4 34.
Nxd4 Kf7 35. b5 Bf8 36. Qd3 Kg8 37. Qf5 Rf7 38. Nc6 Bxc6 39. bxc6 Qxc6 40. Rxc4
dxc4 41. Bxc4 Rd1+ 42. Rxd1 Qxc4 43. Rd4 Qc5 44. Qe6 Kg7 45. Kh2 Re7 46. Qb3
Rb7 47. Rd5 Qb4 48. Qd1 Be7 49. Qf3 Ra7 50. Bb8 Ra8 51. Rxg5+ fxg5 52. Be5+ Kg6
53. Qxa8 Qc4 54. Qe8+ Qf7 55. Qc6+ Kf5 56. Bb2 Qe6 57. g4+ 1-0

[Event "XXXIII Festival A"]
[Site "Arco ITA"]
[Date "2011.10.22"]
[Round "1"]
[White "Di Lazzaro, Gabriele"]
[Black "De Santis, Alessio"]
[Result "0-1"]
[WhiteElo "1890"]
[BlackElo "2307"]
[PlyCount "62"]
[EventDate "2011.10.22"]

1. Nf3 f5 2. d4 Nf6 3. c4 g6 4. Nc3 Bg7 5. g3 O-O 6. Bg2 d6 7. O-O Qe8 8. Qc2
e5 9. dxe5 dxe5 10. e4 f4 11. b3 g5 12. Nxg5 Qh5 13. h4 h6 14. Nf3 Bg4 15. Nh2
f3 16. Bh1 Nc6 17. Be3 Nd4 18. Bxd4 exd4 19. Nb5 c5 20. Rad1 Rae8 21. Rfe1 Nd7
22. Nc7 Re7 23. Nd5 Ref7 24. e5 Bxe5 25. Qe4 Rg7 26. Qd3 Bxg3 27. Re7 Bxh2+ 28.
Kxh2 Qxh4+ 29. Kg1 Rxe7 30. Nxe7+ Qxe7 31. Re1 Qxe1+ 0-1

[Event "XXXIII Festival A"]
[Site "Arco ITA"]
[Date "2011.10.22"]
[Round "1"]
[White "Dittmar, Peter"]
[Black "Buglisi, Massimo"]
[Result "1-0"]
[WhiteElo "2305"]
[BlackElo "1887"]
[PlyCount "73"]
[EventDate "2011.10.22"]

1. d4 Nf6 2. c4 g6 3. Nc3 Bg7 4. e4 d6 5. f3 O-O 6. Be3 c5 7. d5 e6 8. Qd2 a6
9. a4 exd5 10. cxd5 Re8 11. Nge2 Nbd7 12. Nc1 Ne5 13. Be2 Qe7 14. O-O Rb8 15.
N1a2 c4 16. Nb4 Nfd7 17. f4 Nd3 18. Nxd3 cxd3 19. Bxd3 Nc5 20. Bc2 b5 21. axb5
axb5 22. Rae1 b4 23. Ne2 Nxe4 24. Bxe4 Qxe4 25. Ba7 Ba6 26. Bxb8 Rxb8 27. Kh1
Bc4 28. f5 Be5 29. Ng3 Qh4 30. Rxe5 dxe5 31. Rc1 Ba6 32. fxg6 hxg6 33. Rc6 Bb5
34. Rc7 Ra8 35. Qc1 Qd4 36. Nf5 Qg4 37. Nh6+ 1-0

[Event "XXXIII Festival A"]
[Site "Arco ITA"]
[Date "2011.10.22"]
[Round "1"]
[White "Gardini, Enrico"]
[Black "Bonanzinga, Corrado"]
[Result "0-1"]
[WhiteElo "1822"]
[BlackElo "2136"]
[PlyCount "60"]
[EventDate "2011.10.22"]

1. c4 Nf6 2. Nc3 e6 3. Nf3 b6 4. g3 Bb7 5. Bg2 Be7 6. O-O O-O 7. b3 c5 8. d4
cxd4 9. Qxd4 d5 10. cxd5 Nxd5 11. Nxd5 Bxd5 12. Bb2 Bf6 13. Qd2 Nd7 14. Rad1
Nc5 15. Bxf6 Qxf6 16. Qd4 Rac8 17. Qxf6 gxf6 18. Nd2 Rfd8 19. Bxd5 Rxd5 20. Nc4
Rcd8 21. Ne3 Rd2 22. Kg2 Ne4 23. Kf3 Nc3 24. Rc1 Nxe2 25. Ra1 Nc3 26. Rfc1 R8d3
27. a3 f5 28. b4 e5 29. Re1 Ne4 30. Rf1 Ng5+ 0-1

[Event "XXXIII Festival A"]
[Site "Arco ITA"]
[Date "2011.10.22"]
[Round "1"]
[White "Giancotti, Eraldo"]
[Black "Caldara, Sisto"]
[Result "1-0"]
[WhiteElo "2073"]
[BlackElo "1800"]
[PlyCount "59"]
[EventDate "2011.10.22"]

1. c4 f5 2. Nc3 Nf6 3. g3 g6 4. Bg2 d6 5. d3 Bg7 6. Nf3 e5 7. O-O O-O 8. Rb1
Nc6 9. b4 h6 10. b5 Ne7 11. c5 Be6 12. Ba3 Qd7 13. e4 f4 14. d4 Bg4 15. dxe5
Bxf3 16. Bxf3 Ne8 17. Bg4 Qd8 18. cxd6 cxd6 19. Qb3+ Kh8 20. exd6 Ng8 21. d7
Nef6 22. Bxf8 Bxf8 23. Bh3 g5 24. Rfd1 g4 25. Bf1 fxg3 26. hxg3 h5 27. Qe6 h4
28. Bc4 hxg3 29. Kg2 Kg7 30. e5 1-0